|
|
|
|
| LEADER |
01225nam a2200253 a 4500 |
| 001 |
GR-MES16276 |
| 008 |
140318s2005 gr g b 000 0 gre d |
| 040 |
|
|
|a GrPaTEI
|b gre
|c GR-PaULI
|
| 040 |
|
|
|a GrPaTEI
|b gre
|c GR-PaULI
|
| 082 |
|
0 |
|a 006.3
|2 21
|
| 245 |
0 |
0 |
|a Έμπειρα συστήματα & εφαρμογές :
|b με εισαγωγή στην τεχνητή νοημοσύνη /
|c Σπύρου Γ. Τζαφέστα.
|
| 260 |
|
|
|a Αθήνα :
|b Τζαφέστας,
|c 2005
|
| 300 |
|
|
|a 781 σ.
|a είκ., σχ.
|
| 500 |
|
|
|a Σύστημα "ΕΥΔΟΞΟΣ": αρ. εισ. 26293
|
| 504 |
|
|
|a Περιλαμβάνει βιβλιογραφία.
|
| 610 |
|
4 |
|a Σύστημα ΕΥΔΟΞΟΣ
|
| 650 |
|
4 |
|a Έμπειρα συστήματα
|x Πληροφορική
|
| 650 |
|
4 |
|a Τεχνητή νοημοσύνη
|x Πληροφορική
|
| 700 |
1 |
|
|a Τζαφέστας, Σπύρος Γ.
|
| 710 |
0 |
|
|a Τζαφέστας
|
| 942 |
|
|
|2 ddc
|
| 952 |
|
|
|0 0
|1 0
|2 ddc
|4 0
|6 006_300000000000000_ΤΖΑ
|7 0
|9 274284
|a MSLG
|b MSLG
|c EUD
|d 2021-01-17
|e 24
|f 0
|g 0.00
|l 0
|o 006.3 ΤΖΑ
|p 2420000026293
|r 2021-01-17 00:00:00
|t 1
|v 2021.00
|w 2021-01-17
|y BK15
|x 20140318 0 ΧΑΣΑΝΗ 0
|x GrPaTEI
|
| 971 |
|
|
|a .b25823255
|b 07-10-20
|c 13-09-16
|
| 999 |
|
|
|c 158675
|d 158675
|